Hoofdsteden van Franse regio's - KAART - Statistieken

Algemene statistieken
  • Deze quiz is 294 keer genomen
  • De gemiddelde score is 9 van 18
Antwoorden op de kaart
Antwoorden kleurgecodeerd door een groen-rode schaal op de quizkaart volgens % correct hieronder.
 
Antwoordstatistieken
Regio Hoofdstad % Correct
Auvergne-Rhône-Alpes Lyon
90%
Île-de-France Parijs
90%
Provence-Alpes-Côte d'Azur Marseille
87%
Nouvelle Aquitaine Bordeaux
86%
Occitanie Toulouse
75%
Bourgogne-Franche-Comté Dijon
71%
Pays de la Loire Nantes
67%
Bretragne Rennes
62%
Corsica Ajaccio
57%
Grand Est Straatsburg
55%
Centre-Val de Loire Orléans
43%
Normandie Rouen
41%
Hauts-de-France Rijsel
38%
Frans Guyana Cayenne
13%
Martinique Fort-de-France
9%
Réunion Saint-Denis
9%
Guadeloupe Basse-Terre
7%
Mayotte Mamoudzou
7%
Geen overeenkomende quizzen gevonden
Scoreverdeling
Procent van Mensen met Elke Score
Percentiel versus Aantal Correcte Antwoorden
Uw Scoregeschiedenis
U heeft deze quiz nog niet genomen